| 000 | 00710nam a2200217 a 4500 | ||
|---|---|---|---|
| 001 | 805 | ||
| 003 | CDMR | ||
| 005 | 20131128154123.0 | ||
| 008 | 130130s1985||||||||||||||||||||||||||||d | ||
| 020 | _a8431705750 | ||
| 040 |
_aCDMR _bcat _cCDMR |
||
| 100 | 1 |
_aTorres López, Juan _9632 |
|
| 245 | 1 | 0 |
_aEconomía de la comunicación de masas _cJuan Torres López ; prólogo de Manuel Martín Serrano |
| 260 |
_aMadrid _c1985 _bGrupo Cultural Zero |
||
| 300 | _a143 p. | ||
| 490 | 0 |
_aBiblioteca Promoción del Pueblo. _aTemas de Hoy _v106 |
|
| 650 | 0 | 4 |
_9311 _aEmpreses periodístiques |
| 650 | 0 | 4 |
_93178 _aMitjans de comunicació de massa _xAspectes econòmics |
| 650 | 0 | 4 |
_91465 _aEmpresa informativa |
| 942 |
_cMON _2udc |
||
| 999 |
_c805 _d805 |
||